Estadística lingüística

Αποθηκεύτηκε σε:
Λεπτομέρειες βιβλιογραφικής εγγραφής
Κύριος συγγραφέας: Muller, Charles (autor)
Μορφή: Βιβλίο
Γλώσσα:Ισπανικά
Έκδοση: Madrid Gredos 1973
Σειρά:Biblioteca Románica Hispánica, 201
Θέματα:
Ετικέτες: Προσθήκη ετικέτας
Δεν υπάρχουν, Καταχωρήστε ετικέτα πρώτοι!

MARC

LEADER 00000nam a2200000 a 4500
001 UCJ9192
003 CL-VaPUC
008 070309e19730000SP |||||||||||||||||spa|d
020 |a 8424905318 
082 0 4 |a 401.41  |b MUL  |2 21 
100 |a Muller, Charles  |e autor  |9 519105 
245 1 0 |a Estadística lingüística 
300 |a 416 p 
942 |c BK 
945 |d 20070309 00:00:00  |a jtorresc 
260 |a Madrid  |b Gredos  |c 1973 
500 |a Donación del Dr. Luis Gómez Macker  
650 0 |a Análisis lingüístico  |9 314711 
650 0 |a Lingüística de corpus  |9 503839 
650 0 |a Estadística matemática  |9 260028 
650 7 |a ESTADISTICA LEXICAL  |2 CL-VaPUC  |9 519106 
583 |a last modification  |c 20070309 00:00:00  |k Rodrigo Vera 
490 0 |a Biblioteca Románica Hispánica, 201 
999 |c 324778  |d 324776 
952 |0 0  |1 0  |4 0  |6 401_410000000000000_MUL_1973  |7 0  |8 A  |9 405138  |a FDOPOS  |b FDOPOS  |d 2019-11-22  |i 4269896  |o 401.41 MUL 1973  |p 4269896  |r 2025-01-22  |w 2019-11-22  |y BK  |k MLA